Луций Целий Фирмиан Лактанций (Запись № 12855537)

Подробности
000 -МАРКЕР
контрольное поле 03163nam0a2200385 4500
001 - ИДЕНТИФИКАТОР ЗАПИСИ
контрольное поле RU\NLR\BIBL_A\012693722
005 - ИДЕНТИФИКАТОР ВЕРСИИ
контрольное поле 20250611114940.0
010 ## - МЕЖДУНАРОДНЫЙ СТАНДАРТНЫЙ НОМЕР КНИГИ (ISBN)
Номер (ISBN) 978-5-7429-1404-4
Тираж 100
021 ## - НОМЕР ГОСУДАРСТВЕННОЙ РЕГИСТРАЦИИ
Код страны Российская Федерация
Номер КН-П-21-066137
Номер Листа государственной регистраци КН-П-21-5222
035 ## - ДРУГИЕ СИСТЕМНЫЕ НОМЕРА
Идентификатор записи (NLR Aleph) 012693722
035 ## - ДРУГИЕ СИСТЕМНЫЕ НОМЕРА
Идентификатор записи (RuMoRGB)010816172
100 ## - ДАННЫЕ ОБЩЕЙ ОБРАБОТКИ
Данные общей обработки 20220126d2021 u y0rusy50 ca
101 0# - ЯЗЫК РЕСУРСА
Язык текста, звукозаписи и т.д. русский
-- латинский
102 ## - СТРАНА ПУБЛИКАЦИИ ИЛИ ПРОИЗВОДСТВА
Страна публикации Российская Федерация
105 ## - ПОЛЕ КОДИРОВАННЫХ ДАННЫХ: ТЕКСТОВЫЕ МАТЕРИАЛЫ, МОНОГРАФИЧЕСКИЕ
Кодированные данные о монографическом текстовом документе y j 000zy
181 #0 - ПОЛЕ КОДИРОВАННЫХ ДАННЫХ: ВИД СОДЕРЖАНИЯ
Код вида содержания (ISBD) i4
Код характеристики содержания (ISBD) axxe
182 #0 - ПОЛЕ КОДИРОВАННЫХ ДАННЫХ: ТИП СРЕДСТВА
Код типа средства (ISBD) n - непосредственное
200 1# - ЗАГЛАВИЕ И СВЕДЕНИЯ ОБ ОТВЕТСТВЕННОСТИ
Основное заглавие Луций Целий Фирмиан Лактанций
Сведения, относящиеся к заглавию отрывки из трактата "Divinae institutiones" на латинском языке с комментариями и словарем
-- учебно-методическое пособие
Первые сведения об ответственности Н. И. Дужина
Последующие сведения об ответственности научный редактор: канд. филол. наук, доцент Н. А. Кулькова
-- Православный Свято-Тихоновский гуманитарный университет, Богословский факультет, Кафедра древних языков и древнехристианской письменности
203 ## - ВИД СОДЕРЖАНИЯ И ТИП СРЕДСТВА
Вид содержания Текст
Дополнительные сведения об издании визуальный
Тип средства непосредственный
210 ## - ПУБЛИКАЦИЯ, РАСПРОСТРАНЕНИЕ И ДР.
Место издания, распространения и т.д. Москва
Имя издателя, распространителя и т. д. ПСТГУ
Дата издания, распространения и т.д. 2021
215 ## - ФИЗИЧЕСКАЯ ХАРАКТЕРИСТИКА
Специфическое обозначение материала и объем 78, [2] с.
Размеры 21
300 ## - ОБЩИЕ ПРИМЕЧАНИЯ
Текст примечания На обороте тит. с. авт.: канд. филол. наук, доц. Н. И. Дужина
330 ## - РЕЗЮМЕ ИЛИ РЕФЕРАТ
Текст примечания Учебное пособие дает возможность познакомиться с одним из памятников раннехристианской апологетической литературы в оригинале. Трудные места в тексте трактата объясняются со ссылками на <Грамматику латинского языка> C. И. Соболевского. Пособие включает словарь, который дан параллельно с текстом, что облегчает чтение последнего. Текст трактата предваряет биография Лактанция, включающая краткое описание исторического фона его жизни и характеристику литературного наследия
488 #0 - ДРУГИЕ ВЗАИМОСВЯЗАННЫЕ ПРОИЗВЕДЕНИЯ (ДОКУМЕНТЫ)
Встроенное поле 2001#$aDivinae institutiones
-- 700#0$aЛактанций$bЛ. Ц. Ф.$fок.250-ок.325$gЛуций Цецилий Фирмиан$3RU\NLR\AUTH\7711393
Заглавие Divinae institutiones
Автор Лактанций, Луций Цецилий Фирмиан (ок.250-ок.325)
606 1# - НАИМЕНОВАНИЕ ТЕМЫ КАК ПРЕДМЕТ
Наименование темы Апологетика раннехристианская
Системный номер авторитетной/нормативной записи 2503418
Идентификатор авторитетной/нормативной записи RU\NLR\AUTH\6601699991
606 1# - НАИМЕНОВАНИЕ ТЕМЫ КАК ПРЕДМЕТ
Наименование темы Латинский язык
Формальный подзаголовок Учебно-методические пособия
Системный номер авторитетной/нормативной записи 1432540
Идентификатор авторитетной/нормативной записи RU\NLR\AUTH\66605608
686 1# - ИНДЕКСЫ ДРУГИХ КЛАССИФИКАЦИЙ
Индекс Ш146.1-93рус
686 2# - ИНДЕКСЫ ДРУГИХ КЛАССИФИКАЦИЙ
Индекс Э371-451,123
700 #1 - ИМЯ ЛИЦА - ПЕРВИЧНАЯ ОТВЕТСТВЕННОСТЬ
Графика поля Кириллица
Материалы, к которым относится поле rus
Начальный элемент ввода Дужина
Часть имени, кроме начального элемента ввода Н. И.
Расширение инициалов личного имени Наталья Ильинична
Системный номер авторитетной/нормативной записи 42367
Идентификатор авторитетной/нормативной записи RU\NLR\AUTH\7759436
942 ## - ДОПОЛНИТЕЛЬНЫЕ ЭЛЕМЕНТЫ ЗАПИСИ (АБИС)
Тип экземпляра АБИС Книга
980 ## - КОЛЛЕКЦИЯ
Название коллекции Национальная библиография
Экземпляры
Тип экземпляра Дата поступления Источник поступления Библиотека постоянного хранения Библиотека текущего хранения Место хранения Шифр хранения Штрих-код Статус экземпляра
Книга 26.01.2022 Обязательный экземпляр РНБ (Московский) РНБ (Московский) Русский книжный фонд: издания с 1957 года 2022-4/528 1-3642899  
Книга 26.01.2022 Обязательный экземпляр РНБ (Московский) РНБ (Московский) Русский книжный фонд: издания с 1957 года 2022-4/528 1-3642900